La otra cara de septiembre = September /

Guardado en:
Detalles Bibliográficos
Autor principal: Färberböck, Max (realización)
Otros autores: Schuchmann, Catharina (actuación) (actuación), Dohnanyi, Justus von (actuación) (actuación), Proll, Nina (actuación) (actuación)
Formato: Audiovisual
Idioma:Alemán
Temas:
Etiquetas: Agrega una etiqueta
Sin etiquetas, Sé el primero en etiquetar este registro!

MARC

LEADER 00000ngm^a2200000^a^4500
001 000290025
005 20250521000000.0
009 20260310111957.53
037 |a Acervo ITESO - Biblioteca 
041 |a ALE 
082 |a 830.  |b FAR 
100 |a Färberböck, Max  |e (realización) 
245 1 3 |a La otra cara de septiembre =  |b September /  |c Realización de M. Färberböck. 
264 2 |a México :  |b International Video Market [distribución] :  |c fecha no identificada 
300 |a 1 DVD región 4  |c (109 min.) 
336 |a imagen móvil bidimensional  |b tdi  |2 rdacontenido 
337 |a video  |b v  |2 rdamedio 
338 |a videodisco  |b vd  |2 rdasoporte 
546 |a En alemán, con subtítulos opcionales: español 
649 |a XX 
650 |a Dramas Cinematográficos 
650 |a Cine Alemán -  |y 2000-2009 
650 |a Cine Alemán -  |y Siglo XXI 
650 |a Relaciones de Pareja 
650 |a Conflicto (Relaciones Personales) 
650 |a Comunicación Personal 
650 |a Periodismo Político 
650 |a Política -  |z EUA -  |x Historia -  |y 11 de Septiembre de 2001 -  |x Tema Principal 
650 |a Política -  |z EUA -  |x Historia -  |y 2001-2009 
650 |a Política -  |z EUA -  |x Historia -  |y Siglo XXI 
650 |a Política Internacional -  |x Historia -  |y 2000-2009 
650 |a Política Internacional -  |x Historia -  |y Siglo XXI 
700 |a Schuchmann, Catharina  |e (actuación) 
700 |a Dohnanyi, Justus von  |e (actuación) 
700 |a Proll, Nina  |e (actuación) 
910 |a Fondo General 
920 |a Audiovisuales - DVDs 
940 |a Películas 
905 |a 302 
901 |a 0500150325  |b IT2  |c DVS  |u 20250521 
902 |a https://opac.biblio.iteso.mx/vufind/Record/000290025